03432nam a22003977i 4500001000800000003001000008007000500018008004100023040003500064041000800099043000700107084000700114100004900121245020800170246016300378264001100541300004300552336002700595337003300622338002800655500004600683504004500729520086200774520102201636650002802658650001902686650002502705650002902730650002802759700002702787700003202814773006702846942000902913952009502922999001703017B-11760CO-BoFNCPt|| 090306s2008 ck r spa d  aCO-BoFNCPbspacCO-BoFNCPerda aspa ack aA-1 aGarcía N., Jesús A.937117,eautor.4aut10aDeterminación de los parámetros cinéticos de degradación térmica de los subproductos de las plantas de beneficio mediante análisis termogravimétrico y calorimetría de barrido diferencial.2 aDetermination of kinetic parameters of thermal degradation of palm oil mill by-products using thermogravimetric analysis and differential scanning calorimetry 4c©2008 apáginas 31-46 :bTablas, gráficos. atextobtxt2rdacontent asin mediaciónbn2rdamedia avolumenbnc2rdacarrier aContiene resumen en español e inglés. aIncluye 33 referencias bibliográficas. aEmpty fruit bunches (EFB), fiber, and shell are the main solid residues produced during extraction of oil from oil palm (Elaeis guineensis Jacq.). Thermogravimetric (TG) and differential scanning calorimetric (DSC) analyses of these materials were carried out on samples as received and after solvent extraction. Presence of extractives and ash had a strong effect on the thermal behavior of EFB. Observed thermal degradation behavior was described using two analytical approaches. The first approach considered that biomass thermal degradation occurs in three consecutive steps, while the second approach used three independent reactions as the model. The shapes of the TG and DSC curves were used to identify the degradation steps. The thermal degradation activation energy (E) and pre?exponential factor (A) obtained by both approaches were very similar. aLos principales residuos sólidos producidos durante la extracción de aceite de la palma de aceite (Elaeis guineensis Jacq.) son los racimos vacíos de fruta o tusas, fibras y cuesco. Se realizaron análisis termogravimétrico (TG) y calorimétrico diferencial de barrido (CDB) de estos materiales en muestras tal como se recibieron y luego de la extracción con disolvente. La presencia de extractivos y cenizas tuvo un importante efecto en el comportamiento térmico de la tusa. El comportamiento de degradación térmica observado se describió mediante dos métodos analíticos. El primero consideró tres pasos consecutivos para la degradación térmica de la biomasa, mientras que el segundo método empleó tres reacciones independientes como modelo. Las formas de las curvas TG y CDB se usaron para identificar los pasos de degradación. La energía de activación (E) de la degradación térmica y el factor pre-exponencial (A) obtenidos mediante ambos métodos fueron muy similares. 0aAceite de palma929635. 0aBiomasa93542. 0aExtracción.910436 0aLicor de prensas933472. 0aSedimentación.9243071 aDas, Keshav C.941349.1 aGarcía P., Manuel941350.0 aPalmas (Colombia)gv. 29, no. 4 (2008), p.31-46wA-x0121-2923 2zc1 00102z4070a2b2d2013-10-21l0oA-pR-11760r2013-10-21 00:00:00tEj. 1w2013-10-21y1 c26525d26525